Actors by Images A-Z - Statistics

General Stats
  • This quiz has been taken 57 times
  • The average score is 13 of 26
Answer Stats
Picture Answer % Correct
Daniel Radcliffe
96%
Keanu Reeves
96%
Hugh Jackman
94%
Jackie Chan
90%
Idris Elba
80%
Liam Neeson
78%
Quentin Tarantino
73%
Zac Efron
73%
Al Pacino
71%
Pedro Pascal
71%
Marlon Brando
67%
Russell Crowe
59%
Tom Hardy
51%
Colin Firth
47%
Yul Brynner
43%
Gerard Butler
41%
Nick Nolte
39%
Viggo Mortensen
39%
Eric Bana
24%
Omar Sharif
16%
Shah Rukh Khan
12%
Fred Thompson
10%
Wagner Moura
6%
Bruno Ganz
4%
Ulf Brunnberg
0%
Xavier Dolan
0%
No matching quizzes found
Score Distribution
Percent of People with Each Score
Percentile by Number Answered
Your Score History
You have not taken this quiz